000 00427nam a22001817a 4500
003 NUST
020 _a9780071316576
038 _akhadija
082 _a515 SMI
100 _aSmith, Robert T.
_981257
245 _aCALCULUS\
_cRobert T. Smith.
250 _a4rth ed.
260 _aNew York:
_bMc Graw Hill;
_c2008.
300 _aI.V (Unpaged). ;
_b26 cm.
500 _aPaperback.
563 _apaper back
942 _cBK
_2ddc
999 _c32595
_d32595